01152 a2200181 4500003000500000005001700005040000900022082001600031100002500047245003100072260003400103300001000137505064200147650002200789942001200811999001900823952012800842Nust20230131142142.0 cNust a940.546,GIB aGibbs, Phlip9108265 aSince Then /cPhilip Gibbs aLondonbWilliam Heinemann Ltd a414:p aThe Great Reprieve (Page-1), The German Revolution (Page-8), The Advance to the Rhine (Page-16), The Peace Treaties (Page-24), The White Armies (Page-46), The Mutilation of Hungary (Page-74), The Greek Tragedy (Page-94), The Fascist Regime (Page-117), The Revival of Germany (Page-137), The Future of Austria (Page-172), The Regeneration of Poland (Page-178), The Leadership of France (Page-197), The State of England (Page-224), America After the War (Page-261), The Record of the League (Page-305), The Restless Races (Page-314), The Martyrdom of Russia (Page-329), The Unveiling of Woman (Page-366), The post War Mind (Page-386).  aWorld war9108266 2ddccBK c187207d187207 00102ddc4070aMCSbMCScGENd2016-12-12j4o940.546,GIBpMCS29484r2016-12-08w2016-12-12yBKzAlmirah No.60, Shelf No.3